Szczegóły MARC21

Chrześcijaństwo antyczne /

003 -Nazwa inst., której nr kontr. jest w polu 001 [,]
    • @
    • Nazwa instytucji, której n kontrolny jest w polu 001
    • NUKAT
005 -DATA I CZAS OSTATNIEJ MODYFIKACJI [,]
    • @
    • pole kontrolne
    • 20241231113501.0
020 -Międzynarod. znormalizowany nr książki - ISBN [ , ]
    • a
    • Numer ISBN
    • 8371742711 Find
040 -Instytucja sporządzająca opis [ , ]
    • a
    • Instytucja, która sporządziła opis (NP)
    • Ł U/JS
    • c
    • Instytucja, która sporządziła rekord (NP)
    • Ł U/JS
    • d
    • Instytucja, która zmodyfikowała rekord (P)
    • Ł U/MK
    • d
    • Instytucja, która zmodyfikowała rekord (P)
    • Ł U/RRs
942 -Rodzaj dokumentu [ , ]
    • c
    • Rodzaj dokumentu
    • Książka
100 -Hasło główne - nazwa osobowa [1, ]
    • a
    • Nazwa osobowa (NP)
    • Zieliński, Tadeusz
    • d
    • Daty biograficzne (NP)
    • (1859-1944).
    • 9
    • KHW
    • 49125
245 -Strefa tytułu i oznaczenia odpowiedzialności [1,0]
    • a
    • Tytuł
    • Chrześcijaństwo antyczne / Find
    • c
    • Pozostałe elementy strefy tytułu i oznaczenia odpowiedzialności (NP)
    • Tadeusz Zieliński.
260 -Strefa adresu wydawniczego [ , ]
    • a
    • Miejsce wydania (P)
    • Toruń :
    • b
    • Nazwa wydawcy (P)
    • Wydawnictwo Adam Marszałek,
    • c
    • Data wydania (P)
    • 1999.
300 -Strefa opisu fizycznego [ , ]
    • a
    • Określenie formy książki i/lub objętość (NP)
    • 589 s. ;
    • c
    • Format (NP)
    • 24 cm.
336 -Typ zawartości [ , ]
    • a
    • Termin opisujący typ zawartości
    • Tekst
    • b
    • Kod określający zawartość
    • txt
    • 2
    • Źródło (terminu i kodu)
    • rdacontent
337 -Typ mediów [ , ]
    • a
    • Tryb odtwarzania
    • Bez urządzenia pośredniczącego
    • b
    • Kod typu mediów
    • n
    • 2
    • Źródło (terminu i kodu)
    • rdamedia
338 -Typ/rodzaj nośnika [ , ]
    • a
    • Hasło opisujące typ nośnika
    • Wolumin
    • b
    • Kod typu nośnika
    • nc
    • 2
    • Źródło (terminu i kodu)
    • rdacarrier
490 -Strefa serii i książki wielotomowej - forma nie do wyszukiwania [1, ]
    • a
    • Tytuł (P)
    • Religie świata antycznego / Tadeusz Zieliński ; Find
    • v
    • Numeracja (P)
    • t. 6
080 -Uniwersalna Klasyfikacja Dziesiętna [ , ]
    • a
    • Symbol klasyfikacji
    • 29(31)
650 -Hasło przedmiotowe [ ,7]
    • a
    • Hasło przedmiotowe
    • Chrześcijaństwo
    • y
    • Określnik chronologiczny
    • 30-600 (Kościół pierwotny).
    • 2
    • Źródło terminu
    • kaba
    • 9
    • KHW
    • 104925
650 -Hasło przedmiotowe [ ,7]
    • a
    • Hasło przedmiotowe
    • Teologia
    • y
    • Określnik chronologiczny
    • 30-600 (Kościół pierwotny).
    • 2
    • Źródło terminu
    • kaba
    • 9
    • KHW
    • 133251
980 -Symbol UKD [ , ]
    • a
    • UKD
    • 29(31)
710 -Hasło dodatkowe - nazwa ciała zbiorowego [2, ]
    • a
    • Nazwa ciała zbiorowego lub nazwa geograficzna jako pierwszy element (NP)
    • Wydawnictwo Adam Marszałek.
    • 4
    • Kod relacji
    • pbl
    • 9
    • KHW
    • 53600
800 -Hasło dodatkowe opisu książki wielotomowej - nazwa osobowa [1, ]
    • a
    • Nazwa osobowa (NP)
    • Zieliński, Tadeusz
    • d
    • Daty biograficzne (NP)
    • (1859-1944).
    • t
    • Tytuł ujednolicony/tytuł (NP)
    • Religie świata antycznego
    • v
    • Oznaczenie tomu (NP)
    • t. 6
    • 9
    • KHW
    • 522552
920 -ISBN [ , ]
    • a
    • ISBN
    • 83-7174-271-1 Find
Sygnatura Numer inwentarzowy Status udost. Data inwentaryzacji Lokalizacja
Z.96532Z.9653212000-07-31BG
W.203036W.203036-32000-07-31BG
W.203036W.203037-32000-07-31BG
W.203036W.205961-32002-01-25BG
 H.902812000-07-31BNS